000 00818nam a2200205Ii 4500
003 JO-AjNU
008 230605s9999||||xx |||||||||||||| ||und||
040 _aJO-AjNU
_bara
_erda
_cJO-AjNU
041 _aara
050 1 4 _aBP166.93 2000
100 3 _aعمرو، يوسف محمد,
_eauthor
_956351
245 0 0 _aالمسيح الموعود عليه السلام والمهدي المنتظر عليه السلام
250 _aط1
264 3 1 _aبيروت: دار المؤرخ العربي، 2000
300 _a236ص
_bمصادر البحوث ص 227-230
336 _atext
_btxt
_2rdacontent
337 _aunmediated
_bn
_2rdamedia
338 _avolume
_bnc
_2rdacarrier
650 4 _aالمهدي المنتظر- يوم القيامة- علامات الساعة- الشيعة- عيسى عليه السلام
_956352
999 _aA25188
_c28756
_d28756